000 00228 a2200097 4500
001 3022
100 _aUrdong, L
245 _aThe oxford thesaurus A-z dictionary of synonyns.
260 _a
_bClarendon p
_c
090 _c2307
_d2307
942 _aNUST-CAE
_cM
_c14525
999 _c238095
_d238095